Central Library OPAC University of Rajshahi

Imports of Pakistan : (Record no. 8040)

MARC details
000 -LEADER
fixed length control field 00754nam a2200241 a 4500
001 - CONTROL NUMBER
control field 8040
003 - CONTROL NUMBER IDENTIFIER
rucl marc code BD-RjU
005 - DATE AND TIME OF LATEST TRANSACTION
control field 20211208234520.0
008 - FIXED-LENGTH DATA ELEMENTS--GENERAL INFORMATION
fixed length control field 160620s1967 pk b 000 0 eng d
035 ## - SYSTEM CONTROL NUMBER
System control number (BD-RjUL)8085
040 ## - CATALOGING SOURCE
Original cataloging agency DLC
Transcribing agency DLC
Modifying agency EQO
-- BD-RjUL
Language of cataloging eng
041 ## - LANGUAGE CODE
Language code of text/sound track or separate title eng
082 ## - DEWEY DECIMAL CLASSIFICATION NUMBER
Classification number 382.509549
Author mark and year ISI 1967
Edition number 23
100 1# - MAIN ENTRY--PERSONAL NAME
Personal name Islam, Nurul
9 (RLIN) 12180
245 10 - TITLE STATEMENT
Title Imports of Pakistan :
Remainder of title growth and structure, a statistical study /
Statement of responsibility, etc. Nurul Islam
260 ## - PUBLICATION, DISTRIBUTION, ETC. (IMPRINT)
Place of publication, distribution, etc. Karachi :
Name of publisher, distributor, etc. Pakistan Institute of Development Economics,
Date of publication, distribution, etc. 1967.
300 ## - PHYSICAL DESCRIPTION
Pagination ix, 106 p. ;
Size 29 cm .
490 ## - SERIES STATEMENT
Series statement Atatistical Papers
Volume/sequential designation No. 3
650 #0 - SUBJECT ADDED ENTRY--TOPICAL TERM
Topical term or geographic name as entry element Imports
Geographic subdivision Pakistan
9 (RLIN) 25074
651 #0 - SUBJECT ADDED ENTRY--GEOGRAPHIC NAME
Geographic name Pakistan
General subdivision Commerce
9 (RLIN) 25075
830 ## - SERIES ADDED ENTRY--UNIFORM TITLE
Uniform title Atatistical Papers
Volume number/sequential designation No. 3
942 ## - ADDED ENTRY ELEMENTS (KOHA)
Source of classification or shelving scheme Dewey Decimal Classification
Koha item type Books
Holdings
Lost status Source of classification or shelving scheme Damaged status Not for loan Collection code Permanent Location Current Location Shelving location Date acquired Source of acquisition Cost, normal purchase price Total Checkouts Full call number Date last seen Copy number Koha item type
  Dewey Decimal Classification   Not For Loan Non-fiction Central Library, University of Rajshahi Central Library, University of Rajshahi   05/03/1968 inst. dev. econ. karach 10.00   382.509549 ISI 1967 16/01/2014 C-1 Books
  Dewey Decimal Classification     Non-fiction Central Library, University of Rajshahi Central Library, University of Rajshahi   05/03/1968 inst. dev. econ. karach 10.00   382.509549 ISI 1967 20/06/2016 C-2 Books
  Dewey Decimal Classification     Non-fiction Central Library, University of Rajshahi Central Library, University of Rajshahi   05/03/1968 inst. dev. econ. karach 10.00   382.509549 ISI 1967 20/06/2016 C-3 Books